Effects of Homemade Yogurt on the Growth Performance of Broiler Chickens/ (Record no. 79860)
[ view plain ]
| 000 -LEADER | |
|---|---|
| fixed length control field | 02397nam a22002537a 4500 |
| 003 - CONTROL NUMBER IDENTIFIER | |
| control field | URS |
| 005 - DATE AND TIME OF LATEST TRANSACTION | |
| control field | 20240510010232.0 |
| 008 - FIXED-LENGTH DATA ELEMENTS--GENERAL INFORMATION | |
| fixed length control field | 240510b |||||||| |||| 00| 0 eng d |
| 050 00 - LIBRARY OF CONGRESS CALL NUMBER | |
| Classification number | UGT-AS LG 221.R59 Ar698 |
| Item number | 2023 |
| 100 10 - MAIN ENTRY--PERSONAL NAME | |
| Personal name | Arroyo, Aira Mae M. |
| Relator term | Researcher |
| 245 10 - TITLE STATEMENT | |
| Title | <a href="Effects of Homemade Yogurt on the Growth Performance of Broiler Chickens/">Effects of Homemade Yogurt on the Growth Performance of Broiler Chickens/</a> |
| Statement of responsibility, etc | Arroyo, Aira Mae M.; Balanay, Jezelle G. [and], Orioste, Irish C. |
| 260 #1 - PUBLICATION, DISTRIBUTION, ETC. (IMPRINT) | |
| Date of publication, distribution, etc | 2023 |
| 300 ## - PHYSICAL DESCRIPTION | |
| Extent | xii, 84 leaves, |
| Other physical details | illustration |
| Dimensions | 28cm |
| 336 ## - CONTENT TYPE | |
| Source | rdacontent |
| Content type term | text |
| 337 ## - MEDIA TYPE | |
| Source | rdamedia |
| Media type term | unmediated |
| 338 ## - CARRIER TYPE | |
| Source | rdacarrier |
| Carrier type term | volume |
| 502 ## - DISSERTATION NOTE | |
| Dissertation note | Undergraduate Thesis or Project Development Report<br/> |
| Degree type | Bachelor of Science in Agriculture Major in Animal Science |
| Name of granting institution | University of Rizal System, Rodriguez, Rizal<br/> |
| Year degree granted | 2023 |
| 520 ## - SUMMARY, ETC. | |
| Summary, etc | This study aimed to determine the growth performance of Broiler chicken supplemented with varying levels of guava leaves concoction using a Completely Randomized Design (CRD) with three treatments and three replications. In this study, the researchers used Analysis of Variance (ANOVA) as the statistical tool in interpreting the data of the study.<br/><br/>The study was conducted at Sitio Anginan, Barangay San Isidro Montalban Rizal, where 45 heads of broiler chicken were used. The study started on October 12, 2022, and it was terminated on November 16, 2022, for a total of 35 days of conduction: 14 days for the brooding stage and 21 days for experimentation. The results show that Treatment 2, the experimental group, had the highest mean average gain in weight of four point seventy-seven kilograms Treatment 2 had 200 ml of guava leaves concoction mixed with 1800 ml of water Treatment 3 got the highest mean in feed conversion efficiency of three-point twenty-five, where Treatment 3 had 300 ml of guava leaves concoction with 1700 ml of water. For feed consumption and average water consumption, both Treatment 1 and the control group had the highest mean, 13.19 kg in feed consumption and 40.51 liters in average water consumption. Regarding economic profitability, Treatment 1 had no ROI (retum on investment), with a mean of negative 12.77%, indicating that supplementation does not impact growth performance. |
| 650 ## - SUBJECT ADDED ENTRY--TOPICAL TERM | |
| Source of heading or term | Home-made Yogurt |
| 700 ## - ADDED ENTRY--PERSONAL NAME | |
| Personal name | Balanay, Jezelle G. |
| Relator term | Researcher |
| 700 ## - ADDED ENTRY--PERSONAL NAME | |
| Personal name | Oriosth, Irish C. |
| Relator term | Researcher |
| 700 ## - ADDED ENTRY--PERSONAL NAME | |
| Personal name | Regalario,Fredie C. |
| Relator term | Adviser |
| 942 ## - ADDED ENTRY ELEMENTS (KOHA) | |
| Source of classification or shelving scheme | Library of Congress Classification |
| Koha item type | Theses and dissertations |
| Withdrawn status | Source of classification or shelving scheme | Damaged status | Not for loan | Home library | Current library | Shelving location | Date acquired | Total Checkouts | Full call number | Barcode | Date last seen | Copy number | Price effective from | Koha item type |
|---|---|---|---|---|---|---|---|---|---|---|---|---|---|---|
| Library of Congress Classification | Not For Loan | Rodriguez College Library | Rodriguez College Library | Undergraduate Theses | 04/26/2024 | LG 221.R59 .Ar698 2023 | URSROD-UGT-BAT-0673 | 05/10/2024 | c1 | 05/10/2024 | Theses and dissertations |